Central Library OPAC University of Rajshahi

Prices policy, accounting methodology, and corporate financial viability : (Record no. 9219)

MARC details
000 -LEADER
fixed length control field 01077cam a2200289 a 4500
001 - CONTROL NUMBER
control field 9219
003 - CONTROL NUMBER IDENTIFIER
rucl marc code BD-RjUL
005 - DATE AND TIME OF LATEST TRANSACTION
control field 20211208234734.0
008 - FIXED-LENGTH DATA ELEMENTS--GENERAL INFORMATION
fixed length control field 140120s1983 bg a b 001 0 eng
035 ## - SYSTEM CONTROL NUMBER
System control number (BD-RjUL) 9264
040 ## - CATALOGING SOURCE
Original cataloging agency DLC
Transcribing agency DLC
Modifying agency DLC
-- BD-RjUL
Language of cataloging eng
041 ## - LANGUAGE CODE
Language code of text/sound track or separate title eng
082 00 - DEWEY DECIMAL CLASSIFICATION NUMBER
Classification number 338.5220941
Edition number 19
Author mark and year HAP 1983
100 1# - MAIN ENTRY--PERSONAL NAME
Personal name Haque, M. Shamsul.
9 (RLIN) 28601
245 10 - TITLE STATEMENT
Title Prices policy, accounting methodology, and corporate financial viability :
Remainder of title an empirical study /
Statement of responsibility, etc. M. Shamsul Haque.
260 ## - PUBLICATION, DISTRIBUTION, ETC. (IMPRINT)
Place of publication, distribution, etc. [Dhaka] :
Name of publisher, distributor, etc. Institute of Business Administration, University of Dhaka,
Date of publication, distribution, etc. 1983.
300 ## - PHYSICAL DESCRIPTION
Pagination 181 p. :
Illustrations ill. ;
Size 25 cm.
500 ## - GENERAL NOTE
General note Revision of the author's thesis (Ph. D.--Manchester Business School)
504 ## - BIBLIOGRAPHY, ETC. NOTE
Bibliography, etc Includes bibliographical references and index.
650 #0 - SUBJECT ADDED ENTRY--TOPICAL TERM
Topical term or geographic name as entry element Prices
General subdivision Government policy
Geographic subdivision Great Britain.
9 (RLIN) 28602
Topical term or geographic name as entry element Industries
Geographic subdivision Great Britain.
9 (RLIN) 28603
Topical term or geographic name as entry element Prices
General subdivision Government policy
Geographic subdivision Bangladesh.
9 (RLIN) 28604
Topical term or geographic name as entry element Industries
Geographic subdivision Bangladesh.
9 (RLIN) 28605
942 ## - ADDED ENTRY ELEMENTS (KOHA)
Source of classification or shelving scheme Dewey Decimal Classification
Koha item type Books
Holdings
Lost status Source of classification or shelving scheme Damaged status Not for loan Collection code Permanent Location Current Location Shelving location Date acquired Source of acquisition Cost, normal purchase price Total Checkouts Full call number Date last seen Copy number Koha item type
  Dewey Decimal Classification   Not For Loan Non-fiction Central Library, University of Rajshahi Central Library, University of Rajshahi Reading Room 10/04/1984 Dhaka University 80.00   338.5220941 HAP 1983 20/01/2014 C-1 Books